Detalles MARC
| 000 -CABECERA |
| campo de control de longitud fija |
01173nam a2200169 a 4500 |
| 001 - NÚMERO DE CONTROL |
| campo de control |
000034183 |
| 005 - FECHA Y HORA DE LA ÚLTIMA TRANSACCIÓN |
| campo de control |
20200930070839.0 |
| 008 - DATOS DE LONGITUD FIJA--INFORMACIÓN GENERAL |
| campo de control de longitud fija |
110927s17971798xxu r 000 0 spa d |
| 040 ## - FUENTE DE LA CATALOGACIÓN |
| Centro catalogador/agencia de origen |
DO-SdBNP |
| Lengua de catalogación |
spa |
| Centro/agencia transcriptor |
BNPHU |
| 082 ## - NÚMERO DE LA CLASIFICACIÓN DECIMAL DEWEY |
| Número de clasificación |
xxxx |
| Número de documento/Ítem |
M837d |
| 100 1# - ENTRADA PRINCIPAL--NOMBRE DE PERSONA |
| Nombre de persona |
Moreau de Saint-Méry, M. L. E. |
| Forma completa/desarrollada del nombre |
(Médéric Louis Elie), |
| Fechas asociadas al nombre |
1750-1819. |
| 9 (RLIN) |
59190 |
| 245 10 - MENCIÓN DE TÍTULO |
| Título |
Description topografique, physique, civile, politique et historique de la partie française de l'isle Saint-Domingue : |
| Resto del título |
avec des observations générales sur la population, sur le caractére & les moeurs de ses divers habitans, sur son climat, sa culture, ses productions, son administration, &c. &c. ... / |
| Mención de responsabilidad, etc. |
par M.L.E. Moreau de Saint-Méry ; tome premier[-second]. |
| 260 ## - PUBLICACIÓN, DISTRIBUCIÓN, ETC. |
| Lugar de publicación, distribución, etc. |
A Philadelphie : |
| Nombre del editor, distribuidor, etc. |
Et s'y trouve chez l'auteur, |
| Fecha de publicación, distribución, etc. |
1797-1798. |
| 300 ## - DESCRIPCIÓN FÍSICA |
| Extensión |
2 v. : |
| Otras características físicas |
il., maps ; |
| Dimensiones |
26 cm. |
| 500 ## - NOTA GENERAL |
| Nota general |
Includes indexes |
| 505 0# - NOTA DE CONTENIDO CON FORMATO |
| Información miscelánea |
vol.1 |
| Título |
Comprenant, outre les objets généraux, la description des vingt & une paroisses de la partie du nord & de l'isle la Tortue |
| Información miscelánea |
vol.2 |
| Título |
Comprenant la description des dix-sept Paroisses de la Partie de l´Quest & de l´lisse la Gonave & des quatorze Paroisses de la Partie du Sud & de l´isse á Va che. |